000 00598nam a2200193Ii 4500
003 JO-AjNU
008 230605s9999||||xx |||||||||||||| ||und||
040 _aJO-AjNU
_bara
_erda
_cJO-AjNU
041 _aara
050 1 4 _aBP190.5.S3.N63 1975
100 3 _aنوفل، عبد الرزاق,
_eauthor
_98916
245 0 0 _aبين الدين والعلم
264 3 1 _aبيروت: دار الكتاب العربي، 1975
300 _a191ص
336 _atext
_btxt
_2rdacontent
337 _aunmediated
_bn
_2rdamedia
338 _avolume
_bnc
_2rdacarrier
650 4 _aالاسلام والعلم
_98917
999 _aA1032
_c4600
_d4600